000 003450000a22001570004500
003 LK-CoMWRAF
008 230817t ||||| |||| 00| 0 eng d
040 _aLK-CoMWRAF
_dLK-CoMWRAF
_eLK-CoMWRAF
041 _aeng
082 _a021
_bNAS
100 _aNasreen, Thaslima
245 _aLajja
_b
260 _b
_a
_c
300 _ap.216
942 _cBK
999 _c2541
_d2541